=LDR 00000nam 2200000 4500 =001 INLIS000000000049480 =005 20170223074048.0 =006 =007 =008 =020 ##$$a 978-602-9291-09-5 =035 ##$$0010-021700000000272 =040 ##$$a NBPDMAT =082 ##$$a 310.072 =090 ##$$a 310.072 $bAlf s =100 ##$$a Alfira Mulya Astuti =245 ##$$a Statistika penelitian $c/ Alfira Mulya Astuti, M.Si. Editor, Muhammad Amalahanif; Nurul Imtihan, M.Pd. =250 ##$$a Cet. 1 =260 ##$$a Mataram $b Insan Madani Publishing Mataram $c 2016 =300 ##$$a vi, 188 hlm. : $b ilus. ; $c 24 cm =500 ##$$a Biografi hlm : 188 =650 ##$$a Statistik - Penelitian =700 ##$$a Muhammad Amalahanif =700 ##$$a Nurul Imtihan, M.Pd. =850 ##$$a NBPDMAT =990 ##$$a 21605580 =990 ##$$a 21605581 =990 ##$$a 21605582 =990 ##$$a 21605583 =990 ##$$a 21605584